Statistics for Michigan Trivia Quiz

Click here to take the quiz!

General Stats

  • This quiz has been taken 565 times
  • The average score is 16 of 23

Answer Stats

HintAnswer% Correct
What is the capital of Michigan?Lansing
95%
A person from Michigan is called a ___________Michigander
94%
The shape of Michigan closely resembles which body part?Hand
93%
Professional Detroit Football TeamLions
90%
What is Michigan's largest suspension bridge?Mackinaw Bridge
90%
Professional Detroit Hockey TeamRed Wings
88%
Professional Detroit Baseball TeamTigers
88%
Professional Detroit Basketball TeamPistons
86%
What famous baby food company was founded in Fremont, Michigan?Gerber
83%
What popular ginger ale brand is made in Michigan?Vernor's
82%
Which former US president played football at the University of Michigan?Gerald Ford
73%
The University of Michigan was first located in which city?Detroit
71%
This material girl was born in Bay City, MichiganMadonna
70%
What Michigan city has a tulip festival?Holland
69%
What Canadian city is located across the river from Detroit?Windsor
67%
Within 2 hours, how many hours does it take to drive from Ann Arbor to Copper Harbor?10 hours
65%
Which Home Improvement comedian hails from Michigan?Tim Allen
65%
This queen of soul is based in DetroitAretha Franklin
63%
What presidential candidate's father was once governor of Michigan?Mitt Romney
48%
Director of Fahrenheint 911 and Roger & MeMichael Moore
45%
Bell's Brewery is located in which Michigan city?Kalamazoo
37%
What ancient giant fish species is found in several michigan rivers?Sturgeon
26%
What eminent Detroit artist turned a run down city neighborhood into an outdoor art project?Tyree Guyton
4%

Score Distribution

Percentile by Number Answered

Percent of People with Each Score

Your Score History

You have not taken this quiz